Cyclisme - Top 30 coureur d'un jour saison 2023 (PCS Ranking) - Statistiques

Statistiques générales
  • Ce quiz a été pris 115 fois
  • Le résultat moyen est 19 sur 30
Statistiques - réponses
Rang Nationalité Equipe Coureur % Correct
3 Pays Bas Alpecin Deceuninck Mathieu Van Der Poel
100%
1 Slovénie UAE Team Emirates Tadej Pogacar
100%
4 Belgique Jumbo Visma Wout Van Aert
100%
6 France Jumbo Visma Christophe Laporte
96%
7 Danemark Lidl Trek Mads Pedersen
91%
5 Suisse UAE Team Emirates Marc Hirschi
91%
9 France Groupama FDJ Valentin Madouas
83%
2 Belgique Lotto Dstny Arnaud De Lie
82%
8 Belgique Alpecin Deceuninck Jasper Philipsen
82%
16 Irlande EF Education EasyPost Ben Healy
78%
28 Kazakhstan Astana Qazaqstan Team Alexey Lutsenko
77%
24 Suisse Groupama FDJ Stefan Kung
76%
13 Royaume Uni Ineos Grenadiers Tom Pidcock
74%
18 Belgique Soudal Quick Step Remco Evenepoel
73%
17 Portugal Intermarché Circus Wanty Rui Costa
72%
10 Belgique Jumbo Visma Tiesj Benoot
71%
12 Danemark Lidl Trek Mattias Skjelmose
69%
30 Norvège Uno X Pro Cycling Team Alexander Kristoff
63%
15 Etats Unis EF Education EasyPost Neilson Powless
60%
23 France Team Arkéa Samsic Arnaud Démare
57%
27 Danemark Alpecin Deceuninck Soren Kragh Andersen
46%
19 France Cofidis Axel Zingle
44%
14 Italie Soudal Quick Step Andrea Bagioli
42%
22 Espagne Movistar Team Alex Aranburu
38%
25 Pays Bas Jumbo Visma Olav Kooij
38%
29 Nouvelle Zélande Israel Premier Tech Corbin Strong
36%
21 Norvège Uno X Pro Cycling Team Rasmus Tiller
30%
11 Belgique Intermarché Circus Wanty Gerben Thijssen
27%
20 Belgique Lotto Dstny Florian Vermeersch
13%
26 France Cofidis Guillaume Marin
1%
Aucun quiz correspondant
Distribution des résultats
% des personnes avec chaque résultat
Percentile par nombre de réponses
Votre historique - résultats
Vous n’avez pas pris ce quiz